[Event "Lille Luce op 6th"]
[Site "Lille"]
[Date "2015.05.04"]
[Round "1"]
[White "Fey, Werner"]
[Black "Vandecasteele, Louis"]
[Result "0-1"]
[WhiteElo "1571"]
[BlackElo "1831"]
[PlyCount "124"]
[EventDate "2015.05.04"]
[EventType "swiss"]
[EventRounds "9"]
[EventCountry "FRA"]
[SourceTitle "EXT 2017"]
[Source "ChessBase"]
[SourceDate "2016.10.25"]
[SourceVersion "1"]
[SourceVersionDate "2016.10.25"]
[SourceQuality "1"]

1. e4 c5 2. Nf3 d6 3. d4 cxd4 4. Nxd4 Nf6 5. Nc3 a6 6. Bg5 Qa5 7. Qd2 Nc6 8. Nb3 Qc7 9. Bxf6 gxf6 10. Nd5 Qd8 11. f4 Be6 12. Qe3 Rc8 13. a3 f5 14. Bd3 Bg7 15. c3 0-0 16. Qf3 Bxd5 17. exd5 Na5 18. Nxa5 Qxa5 19. 0-0 Qb6+ 20. Rf2 e6 21. g4 fxg4 22. Qxg4 f5 23. Qf3 e5 24. fxe5 Bxe5 25. Kh1 Kh8 26. Rg1 Rc7 27. Rg5 f4 28. Rfg2 Qe3 29. Qxe3 fxe3 30. Re2 Bf4 31. Rf5 Rxf5 32. Bxf5 Rg7 33. Bh3 b6 34. b3 a5 35. a4 Rg5 36. c4 Rh5 37. Bf1 Rg5 38. Rg2 Kg7 39. Rxg5+ Bxg5 40. Kg2 Kf6 41. Be2 Ke5 42. Kf3 Kd4 43. Bd1 Kc3 44. Ke2 h6 45. Ke1 Bh4+ 46. Ke2 Bf2 47. h3 Kd4 48. Bc2 Bg3 49. Bd1 Ke4 50. Bc2+ Kf4 51. Bd3 Bf2 52. b4 Ke5 53. bxa5 bxa5 54. Bh7 Kd4 55. Bd3 Ke5 56. Kf3 Kd4 57. Be2 Be1 58. Kf4 Bb4 59. Kg4 Kc3 60. Kh5 Kd2 61. Bf1 e2 62. Bxe2 Kxe2 0-1

[Event "Lille Luce op 6th"]
[Site "Lille"]
[Date "2015.??.??"]
[Round "8.54"]
[White "De Weird, Evy"]
[Black "Fey, Werner"]
[Result "1-0"]
[WhiteElo "1730"]
[BlackElo "1571"]
[PlyCount "69"]
[EventDate "2015.05.04"]
[EventType "swiss"]
[EventRounds "9"]
[EventCountry "FRA"]
[SourceTitle "EXT 2017"]
[Source "ChessBase"]
[SourceDate "2016.10.25"]
[SourceVersion "1"]
[SourceVersionDate "2016.10.25"]
[SourceQuality "1"]

1. c4 Nf6 2. g3 g6 3. Nc3 Bg7 4. Bg2 d6 5. d3 0-0 6. Bd2 c6 7. Nf3 e5 8. 0-0 Be6 9. Qc1 Nbd7 10. Ng5 Qe7 11. Nxe6 Qxe6 12. e4 Nc5 13. Qc2 Nfd7 14. b4 Na6 15. Rab1 Nc7 16. a4 a6 17. a5 b5 18. cxb5 cxb5 19. Rfc1 Rfd8 20. h4 Nd5 21. exd5 Qe7 22. Qd1 f5 23. Ne2 Rf8 24. Rc7 h6 25. Rbc1 g5 26. hxg5 hxg5 27. Bxg5 Qxg5 28. Rxd7 f4 29. Rcc7 Bh6 30. Bh3 Rae8 31. Qf1 fxg3 32. Nxg3 Rf3 33. Be6+ Rxe6 34. dxe6 Rxg3+ 35. fxg3 1-0

[Event "FRA-ch Seniors"]
[Site "Nancy"]
[Date "2013.08.13"]
[Round "2"]
[White "Fey, Werner"]
[Black "Audiffren, Roger"]
[Result "1/2-1/2"]
[WhiteElo "1780"]
[BlackElo "1971"]
[PlyCount "206"]
[EventDate "2013.08.11"]
[EventType "swiss"]
[EventRounds "11"]
[EventCountry "FRA"]
[SourceTitle "CBM 156 Extra"]
[Source "ChessBase"]
[SourceDate "2013.10.22"]
[SourceVersion "1"]
[SourceVersionDate "2013.10.22"]
[SourceQuality "1"]

1. e4 e5 2. Nf3 Nc6 3. Bb5 Nf6 4. 0-0 Be7 5. Re1 d6 6. d4 Bd7 7. dxe5 Nxe5 8. Bxd7+ Nfxd7 9. Nd4 0-0 10. f4 Ng6 11. Nc3 Bf6 12. Be3 Re8 13. g3 Nb6 14. b3 a6 15. Qd3 Rc8 16. Bf2 c5 17. Nf5 c4 18. bxc4 Rxc4 19. Bd4 Bxd4+ 20. Nxd4 Qc7 21. Re3 Rc8 22. Nde2 Qc5 23. Kg2 Na4 24. Nxa4 Rxa4 25. c3 h6 26. Nd4 Rc4 27. Ne2 Qa3 28. Qd2 Ne7 29. Rd1 R4c6 30. Rb1 b5 31. Rb3 Qc5 32. Nd4 R6c7 33. Rd3 Nc6 34. Nf5 Na5 35. Rb4 Nc4 36. Rxc4 bxc4 37. Rd5 Qc6 38. Qd4 f6 39. Rxd6 Qc5 40. Qxc5 Rxc5 41. Ne7+ Kf7 42. Nxc8 Rxc8 43. Rxa6 Re8 44. Rc6 Rxe4 45. Kf3 f5 46. a4 g5 47. a5 g4+ 48. Kf2 Ke7 49. a6 Kd7 50. Rxh6 Re8 51. Rh7+ Kc6 52. a7 Kb6 53. Re7 Ra8 54. Ke3 Kc5 55. Re5+ Kb6 56. Kd4 Rxa7 57. Kxc4 Rh7 58. Re6+ Kc7 59. Kc5 Rxh2 60. c4 Rg2 61. Re7+ Kd8 62. Re3 Rf2 63. Kd4 Kc7 64. Ra3 Kb6 65. Re3 Kc6 66. Re6+ Kd7 67. Re5 Rf3 68. Rxf5 Rxg3 69. Rg5 Rg1 70. Ke4 g3 71. Kf3 Rc1 72. c5 Rc3+ 73. Kg2 Ke6 74. Rxg3 Rxc5 75. Rg6+ Kf7 76. Rg3 Kf6 77. Kf3 Rc4 78. Rh3 Kg6 79. Kg4 Ra4 80. Rb3 Ra6 81. Re3 Kf6 82. Rh3 Ra4 83. Rh6+ Kg7 84. Rb6 Ra1 85. Kf5 Ra5+ 86. Kg4 Ra1 87. Kg5 Rg1+ 88. Kf5 Ra1 89. Rb7+ Kh6 90. Re7 Ra5+ 91. Re5 Ra7 92. Kf6 Ra8 93. Re7 Rf8+ 94. Rf7 Ra8 95. Re7 Rf8+ 96. Ke5 Kg6 97. Re6+ Kg7 98. f5 Rf7 99. f6+ Kg6 100. Ra6 Rb7 101. Ke6 Rb1 102. Ke7 Rb7+ 103. Ke6 Rb1 1/2-1/2

[Event "Jacques Jaudran mem prel5 corr"]
[Site "France AJEC"]
[Date "2000.??.??"]
[Round "?"]
[White "Fey, Werner"]
[Black "Antunes, Jorge Miguel"]
[Result "1-0"]
[WhiteElo "2027"]
[BlackElo "1762"]
[PlyCount "43"]
[EventDate "2000.11.15"]
[EventType "swiss (corr)"]
[EventRounds "8"]
[EventCountry "FRA"]
[SourceTitle "Corr 2004"]
[Source "ChessBase"]
[SourceDate "2003.04.28"]
[SourceVersion "3"]
[SourceVersionDate "2003.04.28"]
[SourceQuality "1"]

1. e4 c6 2. d4 d5 3. Nc3 dxe4 4. Nxe4 Bf5 5. Ng3 Bg6 6. Bc4 Nd7 7. N1e2 e5 8. 0-0 Qc7 9. f4 exd4 10. f5 c5 11. fxg6 0-0-0 12. gxf7 Ngf6 13. Bf4 Bd6 14. Nf5 Ne5 15. Nxd6+ Qxd6 16. Ng3 g6 17. Re1 Nfg4 18. Qxg4+ Nxg4 19. Bxd6 Rxd6 20. Re8+ Rd8 21. Rxh8 Rxh8 22. Be6+ 1-0

[Event "Jacques Jaudran mem prel5 corr"]
[Site "France AJEC"]
[Date "2000.??.??"]
[Round "?"]
[White "Fey, Werner"]
[Black "Dubleumortier, Alain"]
[Result "1/2-1/2"]
[WhiteElo "2027"]
[BlackElo "2013"]
[PlyCount "82"]
[EventDate "2000.11.15"]
[EventType "swiss (corr)"]
[EventRounds "8"]
[EventCountry "FRA"]
[SourceTitle "Corr 2004"]
[Source "ChessBase"]
[SourceDate "2003.04.28"]
[SourceVersion "3"]
[SourceVersionDate "2003.04.28"]
[SourceQuality "1"]

1. e4 e6 2. d4 d5 3. Nc3 Nf6 4. Bg5 dxe4 5. Nxe4 Be7 6. Bxf6 gxf6 7. Nf3 b6 8. Bc4 Bb7 9. Qe2 c6 10. 0-0-0 Qc7 11. Rhe1 Nd7 12. Kb1 0-0-0 13. Ba6 Rhg8 14. g3 Bxa6 15. Qxa6+ Kb8 16. Qe2 f5 17. Ned2 h5 18. Nc4 h4 19. Rd3 hxg3 20. hxg3 Rh8 21. a3 Bf6 22. Red1 b5 23. Nce5 Nb6 24. Qd2 Rd6 25. Qf4 Nd5 26. Qd2 Ka8 27. c4 bxc4 28. Nxc4 Rdd8 29. Rc1 f4 30. Nce5 Rd6 31. gxf4 Bg7 32. Nc4 Rdd8 33. Na5 Qxf4 34. Nxc6 Rc8 35. Qxf4 Nxf4 36. Rdd1 Kb7 37. Nce5 f6 38. Nf7 Rxc1+ 39. Rxc1 Rh3 40. Nd6+ Kb6 41. Nc4+ Kb7 1/2-1/2